000 00981 a2200253 4500
008 080820t xxu||||| |||| 00| 0 eng d
010 _aENG-84901
020 _a817596281X
_c425.00
035 _aEN-68434
037 _bD.B.Act / Pub
082 _a332.1
100 _aJoshi, Deepali Pant.
245 _aSocial banking
_bpromise, performamce, and potential
_cDeepali Pant Joshi.
260 _aNew Delhi
_bFoundation Books,
_c2006.
270 _a4381/4, Ansari Road, Darya Ganj
_bDelhi
_cDelhi
_e110001
300 _axi, 185 p. ;
_c24 cm. (Hb)
500 _aIncludes bibliographical references
520 _aWith reference to India.
650 _aBanks and banking
_zIndia.
650 _aAgricultural credit
_zIndia.
650 _aRural credit
_zIndia.
942 _adpl
_cEN
_k332.1 / JOS
_2ddc
_h332.1
_m JOS
999 _c683
_d683